000 00699nam a2200181Ia 4500
003 GCL
008 140319s9999 xx 000 0 ara d
040 _aGCL /
_cGCL
082 0 4 _a414.5
_bا ك
100 1 _aالغرناطى, ابى جعفر شهاب الدين
245 1 0 _aكتاب طراز الحلة وشفاء الغلة: شرح الحلةالسيرا فى مدح خيرالورى /
_cالغرناطى, ابى جعفر شهاب الدين
300 _a713 ص
490 _aكتب البلاغة والادب والنقد
_v0
650 0 4 _aاللغة العربية
650 0 4 _aالبلاغة العربية
650 0 4 _aالبلاغة العربية - البديع
942 _2ddc
_cBK
999 _c49352
_d49352